| 000 | 02309cam a2200289 4500500 | ||
|---|---|---|---|
| 005 | 20260329022207.0 | ||
| 041 | _afre | ||
| 042 | _adc | ||
| 100 | 1 | 0 |
_aBermúdez Neubauer, Mauricio _eauthor |
| 700 | 1 | 0 |
_aGrimaud, André _eauthor |
| 700 | 1 | 0 |
_aRouge, Luc _eauthor |
| 245 | 0 | 0 | _aPolitiques de R&D, taxe carbone et paradoxe vert |
| 260 | _c2016. | ||
| 500 | _a3 | ||
| 520 | _aNous étudions une économie dans laquelle un bien final est produit grâce à deux secteurs. L’un utilise une ressource non renouvelable et polluante, l’autre une ressource renouvelable et propre. À chacune est associé un type de recherche spécifique. Les pouvoirs publics prélèvent une taxe carbone et, simultanément, subventionnent les deux secteurs de recherche. Nous étudions l’impact de ce dispositif sur le rythme d’extraction de la ressource et les émissions polluantes. La subvention à la recherche dédiée au secteur propre va à l’encontre des effets de la taxe carbone. Si cette taxe génère un paradoxe vert, la subvention le modère ; si la taxe ralentit l’extraction de la ressource, la subvention crée un paradoxe vert. | ||
| 520 | _aR&D Policies, Carbon Tax and Green Paradox We study an economy in which a final good is produced by two sectors. One uses a non-renewable and polluting resource, the other a renewable and clean resource. A specific type of research is associated with each sector. The public authorities levy a carbon tax and simultaneously subsidise both research sectors. We study the impact of such a policy scheme on the rate of resource extraction and emissions. In the clean sector, the research subsidy and the carbon tax have opposite effects. If the tax creates a green paradox, the subsidy moderates it; if the tax slows resource extraction, then the subsidy generates a green paradox. | ||
| 690 | _aparadoxe vert | ||
| 690 | _apolitique de R&D | ||
| 690 | _aprogrès technique dédié | ||
| 690 | _ataxe carbone | ||
| 690 | _acarbon tax | ||
| 690 | _adirected technical change | ||
| 690 | _agreen paradox | ||
| 690 | _aR&D policy | ||
| 786 | 0 | _nÉconomie & prévision | 208-209 | 1 | 2016-12-08 | p. 23-37 | 0249-4744 | |
| 856 | 4 | 1 | _uhttps://shs.cairn.info/revue-economie-et-prevision-2016-1-page-23?lang=fr&redirect-ssocas=7080 |
| 999 |
_c1918330 _d1918330 |
||